Personnages de jeux vidéos de A à Z en images - Statistiques

Statistiques générales
  • Ce quiz a été pris 1 250 fois
    877 depuis la dernière actualisation
  • Le résultat moyen est 12 sur 26
Statistiques - réponses
Par images Hint Réponse % Correct
W Waluigi
91%
R Rayman
90%
Z Zelda
89%
K Kratos
87%
F Franklin Clinton
71%
J Jinx
69%
N Nathan Drake
69%
T Tom Nook
68%
E Ezio Auditore
64%
G Geralt de Riv
62%
C Chun-Li
52%
S Sub-Zero
52%
A Aloy
44%
M Mei
43%
O Olimar
43%
V Viper
38%
P Phoenix Wright
37%
D Duke Nukem
36%
H Hu Tao
20%
Q Q*bert
16%
U Ulfric Sombrage
14%
I Inezia
13%
Y Yuna
10%
L Lady
4%
X Xemnas
3%
B B.J. Blazkowicz
2%
Aucun quiz correspondant
Distribution des résultats
% des personnes avec chaque résultat
Percentile par nombre de réponses
Votre historique - résultats
Vous n’avez pas pris ce quiz depuis la dernière actualisation